000 00331 a2200133 4500
000 nam a22 7a 4500
100 _aAbraham, Silberschatz
110 _aAbraham, Silberschatz
245 _aDatabase System Concepts
250 _alatest edition
260 _bMc graw HILL
_c2025
264 _bMc graw HILL
_c2025
942 _cBK
999 _c397169
_d397169